The Routledge Companion to Philosophy in Organization Studies (Record no. 47632)
[ view plain ]
| 000 -LEADER | |
|---|---|
| fixed length control field | 00418nam a2200157 4500 |
| 005 - DATE AND TIME OF LATEST TRANSACTION | |
| control field | 20260602103751.0 |
| 008 - FIXED-LENGTH DATA ELEMENTS--GENERAL INFORMATION | |
| fixed length control field | 260602b |||||||| |||| 00| 0 eng d |
| 020 ## - INTERNATIONAL STANDARD BOOK NUMBER | |
| ISBN | 9781134466085 |
| 082 ## - DEWEY DECIMAL CLASSIFICATION NUMBER | |
| Classification number | 658.1 |
| Author Mark | RAZ-T |
| 100 ## - MAIN ENTRY--AUTHOR | |
| Author Name | Raza Mir |
| 245 ## - TITLE STATEMENT | |
| Title | The Routledge Companion to Philosophy in Organization Studies |
| 260 ## - PUBLICATION, DISTRIBUTION, ETC. | |
| Place of Publication | Routledge |
| Name of publisher, distributor, etc. | London |
| Date of publication, distribution, etc. | 2017 |
| 300 ## - PHYSICAL DESCRIPTION | |
| Pages | 615p. |
| 650 ## - SUBJECT ADDED ENTRY--TOPICAL TERM | |
| Subject / Department | Management Science |
| 942 ## - ADDED ENTRY ELEMENTS (KOHA) | |
| Koha item type | Book |
| Withdrawn status | Lost status | Damaged status | Not for loan | Collection code | Permanent Location | Current Location | Shelving Location | Date acquired | Source of acquisition | Price | Total Checkouts | Full Call Number | Accession No./Barcode | Date last seen | Koha item type |
|---|---|---|---|---|---|---|---|---|---|---|---|---|---|---|---|
| Management Science | Air University H-11 Campus Islamabad | Air University H-11 Campus Islamabad | Management Science | 04/27/2026 | Ali Book Services | 3270.00 | 658.1 RAZ-T | AUHEP0207 | 06/02/2026 | Book | |||||
| Management Science | Air University H-11 Campus Islamabad | Air University H-11 Campus Islamabad | Management Science | 04/27/2026 | Ali Book Services | 3270.00 | 658.1 RAZ-T | AUHEP0208 | 06/02/2026 | Book |







